| 000 | 00859nam a22002417a 4500 | ||
|---|---|---|---|
| 005 | 20170124110220.0 | ||
| 010 | _aA-945745 | ||
| 020 |
_c380.00 _a8124601135 |
||
| 035 | _aA-945745 | ||
| 037 | _bCen Lib/Ret | ||
| 040 |
_aDPL _bEN |
||
| 082 |
_a370.954 _bCHA |
||
| 100 |
_aChatterjee, Mitali _9108657 |
||
| 245 |
_aEducation in ancient India : _cby Mitali Chatterjee _bfrom literary sources of the Gupta age / |
||
| 260 |
_aNew Delhi _bD.K. Printworld (P) Ltd. _c1999 |
||
| 270 |
_bNew Delhi _a"Sri Kunj" F-52, Bali Nagar _e110015 |
||
| 300 |
_avii,303p. _c22cm(Hb) |
||
| 490 |
_aReconstructing Indian history and culture, _vno. 17. |
||
| 500 | _aIncludes bibliographical references and index | ||
| 650 |
_aEducation -- India -- History _920617 |
||
| 650 |
_aEducation, Ancient -- India _9108658 |
||
| 942 |
_2ddc _cEN _h370.954 _mCHA |
||
| 999 |
_c134046 _d134046 |
||